|
|
|
|
| LEADER |
00000nam0a2200000 4500 |
| 001 |
197075 |
| 005 |
20231031183328.0 |
| 010 |
|
|
|a 5212004071
|
| 035 |
|
|
|a (RuTPU)RU\TPU\book\214973
|
| 090 |
|
|
|a 197075
|
| 100 |
|
|
|a 20110606d1990 m y0rusy50 ca
|
| 101 |
0 |
|
|a rus
|
| 102 |
|
|
|a RU
|
| 105 |
|
|
|a y z 001zb
|
| 200 |
1 |
|
|a Шарль де Голль и Советский Союз
|f В. И. Антюхина-Московченко
|
| 210 |
|
|
|a Москва
|c Книга
|d 1990
|
| 215 |
|
|
|a 288 с.
|
| 320 |
|
|
|a Библиогр. в примеч.
|
| 600 |
|
1 |
|a Голль
|g Шарль
|c французский государственный деятель
|f 1890-1970
|b Ш. де
|c президент Франции
|2 stltpush
|3 (RuTPU)RU\TPU\pers\875
|
| 610 |
1 |
|
|a государственные деятели
|
| 610 |
1 |
|
|a Франция
|
| 610 |
1 |
|
|a дипломатическая служба
|
| 610 |
1 |
|
|a Советский Союз
|
| 610 |
1 |
|
|a мемуары
|
| 686 |
|
|
|a Ф3(4Фр)
|v LBC/SL-A
|2 rubbk
|
| 686 |
|
|
|a Ф4(2)9(4Фр)
|v LBC/SL-A
|2 rubbk
|
| 700 |
|
1 |
|a Антюхина-Московченко
|b В. И.
|g Вера Ивановна
|
| 801 |
|
1 |
|a RU
|b 63413507
|c 20110606
|
| 801 |
|
2 |
|a RU
|b 63413507
|c 20110609
|g RCR
|
| 942 |
|
|
|c BK
|